Adele Songs - Sudden Death - Statistics

General Stats
  • This quiz has been taken 412 times
    147 since last reset
  • The average score is 8 of 19
Answers on the Grid
Answers color-coded by a green-red scale on the quiz's grid according to % correct below.
Set Fire To The Rain
Rumour Has It
Water Under The Bridge
Love Me Like You Do
Rolling In The Deep
Someone Like Me
Make You Feel My Love
Tears Dry On Their Own
Hello
All I Ask
Love In The Light
Chasing Sidewalks
Turning Tables
When We Were Young
Strangers By Nature
Only Love Could Hurt Like This
Easy On Me
A Hundred Years Ago
Next To Me
Skyfall
Send My Love (To Your New Lover)
Oh My God
I Drink Champagne
Don't You Remember
Hometown Glory
Love Ain't A Game
Can I Get It
Cold Shoulder
River Lea
Woman Like You
 
Answer Stats
Answer % Correct
Set Fire To The Rain
96%
Rumour Has It
83%
Rolling In The Deep
78%
Water Under The Bridge
68%
Hello
54%
Skyfall
51%
Easy On Me
48%
Make You Feel My Love
48%
All I Ask
45%
Turning Tables
45%
When We Were Young
45%
Send My Love (To Your New Lover)
38%
Hometown Glory
33%
Oh My God
26%
Don't You Remember
23%
River Lea
19%
Strangers By Nature
17%
Cold Shoulder
16%
Can I Get It
13%
No matching quizzes found
Score Distribution
Percent of People with Each Score
Percentile by Number Answered
Your Score History
You have not taken this quiz since the last reset